Countries With Highest Rate Of Vegetarianism - Statistics

General Stats
  • This quiz has been taken 33 times
  • The average score is 7 of 10
Answer Stats
Vegetarian Country % Correct
38% India
97%
9% United Kingdom
84%
5% Australia
77%
9% Germany
77%
13% Israel
71%
12% Taiwan
68%
6% Ireland
65%
10% Italy
61%
8% Brazil
48%
9% Austria
42%
No matching quizzes found
Score Distribution
Percent of People with Each Score
Percentile by Number Answered
Your Score History
You have not taken this quiz